XI Roku 2014 wg. Tygodnika "Piłka Nożna" (spoza Europy) - Statystyki

Ogólne statystyki
  • Ten quiz został rozwiązany 178 razy
  • Średni wynik to 9 z 11
Statystyki odpowiedzi
Pozycja Kraj Klub Zawodnik % Poprawnych
ŚN Argentyna Barcelona Lionel Messi
97%
LO Brazylia Real Madryt Marcelo
95%
LS Brazylia Barcelona Neymar
94%
ŚN Argentyna Manchester City Sergio Aguero
94%
PS Argentyna Real Madryt / Man United Angel di Maria
89%
ŚP WKS Manchester City Yaya Toure
89%
ŚPO Kolumbia Monaco / Real Madryt James Rodriguez
88%
ŚO Urugwaj Atletico Diego Godin
87%
BR Chile Real Sociedad / Barcelona Claudio Bravo
85%
PO Argentyna Manchester City Pablo Zabaleta
58%
ŚO Brazylia Atletico Miranda
37%
Nie znaleziono quizów pasujących do podanych kryteriów
Rozkład punktacji
Procent ludzi z każdym wynikiem
Percentyl według liczby udzielonych odpowiedzi
Twoja historia wyników
Nie rozwiązałeś tego quizu